=LDR 00000nam 2200000 4500 =001 INLIS000000000024351 =005 20130612122938 =008 ***********************************Ind** =035 ##$$0010-061300000024351 =041 ##$$a Ind =082 ##$$a 633.88 =090 ##$$a 6a633.88, Mah t =100 ##$$a Mahendra =245 ##$$a 13 jenis tanaman obat ampuh, Mahendra =260 ##$$a 2005 $b Jakarta =300 ##$$a 140 hlm, 23 cm =650 ##$$a Tanaman obat =850 ##$$a NBPNMAT